Working together - The institutuons of the European community

Guardat en:
Dades bibliogràfiques
Autor principal: Emile Noel
Format: Llibre
Idioma:Undetermined
Publicat: Luxembourg, Brussels ECSC-EEC-EEEC 1991
Matèries:
Etiquetes: Afegir etiqueta
Sense etiquetes, Sigues el primer a etiquetar aquest registre!
Thư viện lưu trữ: Trung tâm Học liệu Trường Đại học Cần Thơ
LEADER 00531nam a2200181Ia 4500
001 CTU_32908
008 210402s9999 xx 000 0 und d
082 |a 341.2422 
082 |b N766 
100 |a Emile Noel 
245 0 |a Working together - The institutuons of the European community 
245 0 |c Emile Noel 
260 |a Luxembourg, Brussels 
260 |b ECSC-EEC-EEEC 
260 |c 1991 
650 |a european communities,european union 
904 |i Minh, 990904 
980 |a Trung tâm Học liệu Trường Đại học Cần Thơ